000 00266nam a2200097Ia 4500
001 1250440
005 20251031150856.0
008 251031s9999 xx 000 0 und d
245 0 _cPRETTY LİTTLE LİARS
_aG-2 SEVİMLİ KÜÇÜK YALANCILAR
260 _bMARTI YAYINLARI
999 _c1250440
_d1250440